Visualizzazione normale
Vista MARC
- Filosofi di lingua francese posteriori al 1920
di Genre/Form Term
Records bibliografici associati: 1
001 - CONTROL NUMBER
- control field: 61920
003 - CONTROL NUMBER IDENTIFIER
- control field:
005 - DATE AND TIME OF LATEST TRANSACTION
- control field: 20250320153435.0
008 - FIXED-LENGTH DATA ELEMENTS
- fixed length control field: 250320|| aca||aabn | a|a d
040 ## - CATALOGING SOURCE
- Original cataloging agency:
- Transcribing agency:
155 ## - HEADING--GENRE/FORM TERM
- Genre/form term: Filosofi di lingua francese posteriori al 1920
- General subdivision: Filosofi posteriori al 1920: Paul Ricoeur 1913-2005
670 ## - SOURCE DATA FOUND
- Source citation: Work cat.: ()360454: Ricoeur, Paul, 1913-2005 autore aut 67017, Percorsi del riconoscimento :, 2005.